Apertura : (Registro nro. 5596)
[ vista simple ]
| 000 -LEADER | |
|---|---|
| fixed length control field | 01094nam a2200241Ia 4500 |
| 003 - CONTROL NUMBER IDENTIFIER | |
| control field | OSt |
| 005 - DATE AND TIME OF LATEST TRANSACTION | |
| control field | 20200722170636.0 |
| 008 - FIXED-LENGTH DATA ELEMENTS--GENERAL INFORMATION | |
| fixed length control field | 191128s1992 ck ad fr 100 0 spa d |
| 020 ## - INTERNATIONAL STANDARD BOOK NUMBER | |
| International Standard Book Number | 9589040217 |
| 040 ## - CATALOGING SOURCE | |
| Original cataloging agency | CO-JMCR |
| Transcribing agency | CO-JMCR |
| 041 0# - LANGUAGE CODE | |
| Language code of text/sound track or separate title | spa |
| 082 04 - DEWEY DECIMAL CLASSIFICATION NUMBER | |
| Classification number | 338.986 / |
| Item number | S612a |
| Edition number | 23 |
| 111 2# - MAIN ENTRY--MEETING NAME | |
| Meeting name or jurisdiction name as entry element | Simposio sobre Mercado de Capitales |
| Number of part/section/meeting | (13o. : |
| Date of meeting or treaty signing | 1992 : |
| Location of meeting | Medellín) |
| 9 (RLIN) | 7631 |
| 245 10 - TITLE STATEMENT | |
| Title | Apertura : |
| Remainder of title | dos años después / |
| Statement of responsibility, etc. | XIII Simposio sobre mercado de capitales ; editora Astrid Martínez Ortiz |
| 250 ## - EDITION STATEMENT | |
| Edition statement | Primera edición |
| 260 ## - PUBLICATION, DISTRIBUTION, ETC. | |
| Place of publication, distribution, etc. | Medellín : |
| Name of publisher, distributor, etc. | Asociación Bancaria y de Entidades Financieras de Colombia, |
| Date of publication, distribution, etc. | 1992 |
| 300 ## - PHYSICAL DESCRIPTION | |
| Extent | 606 páginas : |
| Other physical details | gráficos a blanco y negro ; |
| Dimensions | 24 cm. |
| 505 0# - FORMATTED CONTENTS NOTE | |
| Formatted contents note | Perspectiva internacional de la apertura en Colombia -- La política macroeconómica en Colombia -- La apertura y la liberación financiera en Colombia, mesa redonda -- El comportamiento del sector bancario y la determinación |
| 650 14 - SUBJECT ADDED ENTRY--TOPICAL TERM | |
| Topical term or geographic name entry element | Apertura económica |
| 9 (RLIN) | 2295 |
| 650 14 - SUBJECT ADDED ENTRY--TOPICAL TERM | |
| Topical term or geographic name entry element | Política económica |
| 9 (RLIN) | 7632 |
| 700 1# - ADDED ENTRY--PERSONAL NAME | |
| Personal name | Martínez Ortiz, Astrid, |
| Relator term | editora |
| 9 (RLIN) | 2635 |
| 942 ## - ADDED ENTRY ELEMENTS (KOHA) | |
| Source of classification or shelving scheme | Dewey Decimal Classification |
| Koha item type | Books |
| Withdrawn status | Lost status | Source of classification or shelving scheme | Damaged status | Not for loan | Collection code | Home library | Current library | Date acquired | Source of acquisition | Full call number | Barcode | Date last seen | Copy number | Koha item type | Total Checkouts | Date last checked out | Price effective from |
|---|---|---|---|---|---|---|---|---|---|---|---|---|---|---|---|---|---|
| Dewey Decimal Classification | Non-fiction | Biblioteca Pública José María del Castillo y Rada | Biblioteca Pública José María del Castillo y Rada | 04/15/2018 | Donación | 338.986 / S612a | 430002684 | 05/16/2024 | Ej.1 | Books | |||||||
| Dewey Decimal Classification | Non-fiction | Biblioteca Pública José María del Castillo y Rada | Biblioteca Pública José María del Castillo y Rada | 04/15/2018 | Donación | 338.986 / S612a | 430002686 | 12/12/2024 | Ej.2 | Books | 1 | 12/12/2024 | 07/22/2020 |